Missing Word: 4-Letter Words in Band Names Quiz Stats

 Plays Quiz Updated May 3, 2019

Score 0/18 Timer 02:30
1 Play Today
Band name Missing Word % Correct
___ Floyd Pink
99.6%
The Beach ___Boys
99.2%
___ N' RosesGuns
98.8%
Earth, ___ & FireWind
96.5%
___ Inch NailsNine
96%
The Bee ___Gees
95.5%
Bon ___Jovi
94.9%
___ MaidenIron
94.6%
___ Straits Dire
92.7%
Band name Missing Word % Correct
Grateful ___ Dead
90%
___ Purple Deep
88.9%
Jethro ___Tull
85.3%
Depeche ___Mode
84.5%
Faith No ___More
84.3%
Crosby Stills ___ & Young Nash
83.3%
The Allman Brothers ___Band
81.2%
Peter, Paul and ___Mary
80.1%
___ Crimson King
39.9%

Today's Daily Dose

Missing Word
Banned Books (A-Z)

Word Ladder
Janis Joplin

Get the Picture
Occupations

You're not logged in!

Compare scores with friends on all Sporcle quizzes.
OR
Log In

Sporcle TV

Today on Sporcle TV


Watch our educational content, quiz creation guides, and fun videos on Sporcle TV.

Show Comments

Extras

Top Quizzes Today


Score Distribution

Your Account Isn't Verified!

In order to create a playlist on Sporcle, you need to verify the email address you used during registration. Go to your Sporcle Settings to finish the process.

Report this User

Report this user for behavior that violates our Community Guidelines.

Details: